| 000 | 01201nac a22002651u 4500 | ||
|---|---|---|---|
| 010 | _a 99026251 | ||
| 020 | _a0324004176 (hard cover : alk. paper) | ||
| 082 | 0 | 0 |
_a346.7307 _bMIL |
| 090 |
_c7092 _d7092 |
||
| 100 | _aMiller, Roger LeRoy. | ||
| 245 | 1 | 0 |
_aBusiness law today : _bcomprehensive edition : text & cases--legal, ethical, regulatory, and international environment / _cRoger LeRoy Miller, Gaylord A. Jentz. |
| 250 | _a5th ed. | ||
| 260 |
_a[St. Paul, Minn.] : _bWest Legal Studies in Business,c2000. _cc2000. |
||
| 300 |
_a1 v. (various pagings) : _bcol. ill. ; _c27 cm. |
||
| 500 | _aCode of ethics and sample sales contract on two folded pages laid in. | ||
| 500 | _aAcompanied by: Online legal research (28 p.) which also accomopanies Business law today : the essentials (5th ed.). | ||
| 500 | _aIncludes index. | ||
| 500 | _aDistributer: AL-Ahram. | ||
| 511 | _aCatalogued By: Mahitab. | ||
| 650 | 0 |
_aCommercial law _zUnited States. |
|
| 650 | 0 |
_aBusiness law _zUnited States. |
|
| 700 | 1 | _aJentz, Gaylord A. | |
| 942 |
_cBB _k346.7307MIL |
||
| 999 |
_c7092 _d7092 |
||